Psie maľovanky
Uložené v:
| Korporatívny autor: | |
|---|---|
| Médium: | Rukopis |
| Jazyk: | Slovak |
| Vydané: |
Bratislava :
Edika,
2017.
|
| Vydanie: | 1. vydanie |
| Témy: | |
| ISBN: |
9788056600597 (brož.) |
| Fyzický popis: |
72 nečíslovaných strán : ilustrácie ; 23 cm. |
| Tagy: |
Pridať tag
Žiadne tagy, Buďte prvý kto otaguje tento záznam!
|
Titul je dostupný aj v ... 

MARC
| LEADER | 00000ntm a2200000 a 4500 | ||
|---|---|---|---|
| 001 | 000572425 | ||
| 005 | 20180423110644.0 | ||
| 008 | 180105s2017 xo a e 000 0 slo d | ||
| 020 | |a 9788056600597 (brož.) | ||
| 040 | |a SVKKK |b slo |c SVKKK |e AACR2 | ||
| 041 | 0 | |a slo | |
| 043 | |a e-xo--- | ||
| 044 | |a xo |c SK | ||
| 072 | 7 | |a 79 |x Rekreácia. Voľný čas. Zábavy. Hry. Šport |2 konspekt | |
| 080 | |a 636.7 |2 2011 | ||
| 080 | |a 613.86 |2 2011 | ||
| 080 | |a 79 |2 2011 | ||
| 080 | |a (084-053.2) |2 2011 | ||
| 110 | 2 | |a Shutterstock |4 aut |4 ill | |
| 245 | 1 | 0 | |a Psie maľovanky |h [grafika] / |c [ilustrácie: Shutterstock.com]. |
| 250 | |a 1. vydanie | ||
| 260 | |a Bratislava : |b Edika, |c 2017. | ||
| 300 | |a 72 nečíslovaných strán : |b ilustrácie ; |c 23 cm. | ||
| 500 | |a Názov z obalu | ||
| 650 | 0 | 7 | |a psy |2 SVKKKPH |
| 650 | 0 | 7 | |a relaxácia |2 SVKKKPH |
| 650 | 0 | 7 | |a voľný čas |2 SVKKKPH |
| 655 | 7 | |a maľovanky |2 SVKKKPH | |
| 910 | |a svkkk | ||
| 919 | |a 978-80-566-0059-7 | ||
| 998 | |a BK | ||
| 090 | |g SCKHL |k Sklad Hlavná 10 prízemie |a III.242008 |j 1087117 |i 2720519214 |s Povinný výt. | ||